000 00465pam a2200157 a 4500
020 _a0470221410 (US)
020 _a0582087848 (UK)
040 _cDLC
082 0 0 _a631 LON 1994 A038 Or.
100 1 _aRowell, David L.,
245 1 0 _aSoil science :
_bmethods and applications /
260 _aHarlow, Essex :
_bLongman Scientific & Technical ;
_aNew York :
_bWiley,
_c1994.
300 _a350 p. :
_bill. (some col.) ;
_c25 cm.
650 0 _aSoil science.
942 _cEK
999 _c11609
_d11609